000 00521nam a2200217Ia 4500
003 OSt
005 20221007082210.0
006 a|||||r|||| 00| 0
007 ta
008 221006b |||||||| |||| 00| 0 eng d
024 _a11,084
037 _cTextual
040 _aFLL
_cFLL
_beng
041 _2eng
_aeng
082 _aZ:P111k, 168 D5
245 0 _aConcise law dictionary
260 _c1945
300 _a568,1-232p
_ccm.
942 _hZ:P111k, 168 D5
_cTEXL
_2CC
999 _c1165635
_d1165635